[Event "Elberfeld - Brühl"]
[Site "?"]
[Date "2023.11.19"]
[Round "4.3"]
[White "Spilles, Matthias"]
[Black "Dresen, Ulrich"]
[Result "1-0"]
[WhiteElo "2097"]
[BlackElo "2185"]
[PlyCount "41"]
[EventDate "2023.??.??"]

1. e4 e5 2. Nf3 Nf6 3. d4 Nxe4 4. dxe5 Bc5 5. Bc4 Nxf2 6. Bxf7+ Kxf7 7. Qd5+ Kg6 8. Qxc5 Nxh1 9. Nc3 h6 10. Nd5 Kh7 11. Bxh6 Kxh6 12. O-O-O Kh7 13. Ne7 g6 14. e6 Qf8 15. Ng5+ Kg7 16. Nf7 Rh5 17. Qd4+ Kh7 18. Nxg6 Qg7 19. Qxg7+ Kxg7 20. e7 Kxf7 21. Rf1+ 1-0

[Event "Elberfeld - Brühl"]
[Site "?"]
[Date "2023.11.19"]
[Round "4.4"]
[White "Hintze, Helge"]
[Black "Schaefer, Juergen"]
[Result "1/2-1/2"]
[WhiteElo "2253"]
[BlackElo "2129"]
[PlyCount "48"]
[EventDate "2023.??.??"]

1. c4 g6 2. Nf3 Bg7 3. d4 d6 4. e4 Bg4 5. Be2 Nc6 6. Be3 Bxf3 7. Bxf3 e5 8. d5 Nd4 9. Nc3 Ne7 10. O-O O-O 11. g3 Nxf3+ 12. Qxf3 f5 13. Bg5 Qd7 14. Bxe7 Qxe7 15. Qe2 Rf7 16. f3 Qg5 17. Kg2 h5 18. Rad1 Bh6 19. Rd3 Raf8 20. Rg1 Kh8 21. Kh1 Qf6 22. Qg2 a6 23. a4 Rh7 24. Qh3 Qf7 1/2-1/2

[Event "Elberfeld - Brühl"]
[Site "?"]
[Date "2023.11.19"]
[Round "4.5"]
[White "Kubitza, Georg"]
[Black "Kurr, Gerd"]
[Result "1-0"]
[WhiteElo "1946"]
[BlackElo "2203"]
[PlyCount "77"]
[EventDate "2023.??.??"]

1. e4 c6 2. d4 d5 3. e5 Bf5 4. h4 h5 5. c4 e6 6. Nc3 Bb4 7. a3 Bxc3+ 8. bxc3 Ne7 9. Bd3 Bxd3 10. Qxd3 dxc4 11. Qxc4 Nd7 12. Nf3 Nb6 13. Qe2 Qd5 14. O-O Qc4 15. Qc2 Nf5 16. Bd2 O-O-O 17. Rfc1 Rd5 18. Bg5 Ra5 19. Nd2 Qe2 20. Re1 Qa6 21. Nb3 Rd5 22. a4 Nd7 23. g3 f6 24. exf6 gxf6 25. Bf4 c5 26. Qe4 c4 27. Nd2 Nf8 28. Reb1 Nd6 29. Bxd6 Rxd6 30. Rb4 Rc6 31. Rab1 f5 32. Qe2 Rh7 33. Nf3 Rhc7 34. Ne5 Rb6 35. Qxh5 Re7 36. Qg5 Rxb4 37. Rxb4 Rc7 38. Qg8 Qd6 39. Ng6 1-0

[Event "Elberfeld - Brühl"]
[Site "?"]
[Date "2023.11.19"]
[Round "4.6"]
[White "Noetzel, Frank"]
[Black "Guelsen, Taylan"]
[Result "1/2-1/2"]
[WhiteElo "2200"]
[BlackElo "2128"]
[PlyCount "54"]
[EventDate "2023.??.??"]

1. e4 c5 2. Nc3 e5 3. Bc4 Nf6 4. d3 Nc6 5. Nf3 h6 6. Nd2 Bd6 7. Nf1 Bc7 8. Ne3 Ba5 9. O-O Bxc3 10. bxc3 d6 11. Bd5 Nxd5 12. Nxd5 Ne7 13. c4 Nxd5 14. cxd5 g5 15. c3 Qf6 16. Be3 Qg6 17. d4 cxd4 18. cxd4 O-O 19. dxe5 dxe5 20. Re1 Bd7 21. Rc1 Rfc8 22. Rxc8+ Rxc8 23. Qb3 Qxe4 24. Qxb7 Be6 25. f3 Qxd5 26. Qxd5 Bxd5 27. Bxa7 Bxa2 1/2-1/2

[Event "Elberfeld - Brühl"]
[Site "?"]
[Date "2023.11.19"]
[Round "4.8"]
[White "Fuchs, Thomas"]
[Black "Hank, Holger"]
[Result "0-1"]
[WhiteElo "2062"]
[BlackElo "1951"]
[PlyCount "80"]
[EventDate "2023.??.??"]

1. d4 g6 2. Nf3 Bg7 3. Bf4 d6 4. e3 f5 5. c4 Nf6 6. Nc3 O-O 7. Be2 Nc6 8. d5 e5 9. dxc6 exf4 10. cxb7 Bxb7 11. exf4 Rb8 12. O-O Ne4 13. Rc1 Re8 14. Re1 h6 15. Qc2 Qf6 16. Nb5 a6 17. Nbd4 c5 18. Nb3 Qxb2 19. Qxb2 Bxb2 20. Rc2 Bc3 21. Rd1 Bf6 22. Bf1 Bc6 23. Rd3 Ba4 24. Rc1 Rb6 25. Nfd2 Kf7 26. g3 Reb8 27. Bg2 Nxd2 28. Nxd2 Rb2 29. Rxd6 Bd4 30. Bd5+ Kg7 31. Nf3 Rxa2 32. Nxd4 cxd4 33. Rxa6 d3 34. Ra7+ Kf8 35. Rf7+ Ke8 36. Rh7 d2 37. Rf1 Rd8 38. Bf7+ Kf8 39. Bxg6 d1=Q 40. Rxd1 Rxd1+ 0-1

[Event "Welper - Brackel II"]
[Site "?"]
[Date "2023.11.19"]
[Round "4.1"]
[White "Korten, Lando"]
[Black "Sohlmann, Jan-Henning"]
[Result "1-0"]
[WhiteElo "2161"]
[BlackElo "2247"]
[PlyCount "97"]
[EventDate "2023.??.??"]

1. d4 Nf6 2. c4 d6 3. Nc3 e5 4. d5 Nbd7 5. e4 Nc5 6. Bd3 a5 7. h3 Be7 8. Bc2 O-O 9. Be3 Re8 10. g4 Nfd7 11. Nf3 Nf8 12. Qd2 Ng6 13. O-O-O a4 14. g5 Rf8 15. Rdg1 f6 16. h4 Bd7 17. h5 Nf4 18. Bxf4 exf4 19. g6 h6 20. Qxf4 a3 21. b3 f5 22. exf5 Bxf5 23. Qe3 Qd7 24. Nd4 Bxc2 25. Kxc2 Bg5 26. Rxg5 hxg5 27. Ne6 Rae8 28. Re1 c6 29. Kd1 Nxe6 30. dxe6 Qe7 31. Re2 Rf5 32. Qh3 Re5 33. Rxe5 dxe5 34. Ne4 Qxe6 35. Qxe6+ Rxe6 36. f3 Re8 37. Nxg5 Kf8 38. Nf7 e4 39. f4 Re6 40. Ke2 Ke7 41. Ng5 Rf6 42. Ke3 Rd6 43. f5 Kf8 44. Ne6+ Kg8 45. Kxe4 Rd2 46. h6 Rxa2 47. h7+ Kh8 48. Ng5 Re2+ 49. Kf3 1-0

[Event "Welper - Brackel II"]
[Site "?"]
[Date "2023.11.19"]
[Round "4.2"]
[White "Bastians, Felix"]
[Black "Garbuz, Vitaliy"]
[Result "0-1"]
[WhiteElo "2198"]
[BlackElo "2147"]
[PlyCount "96"]
[EventDate "2023.??.??"]

1. Nf3 d5 2. c4 c6 3. g3 Nf6 4. Bg2 dxc4 5. Qc2 Qd5 6. Nc3 Qh5 7. Ne4 Nxe4 8. Qxe4 Be6 9. Qf4 Nd7 10. h3 f6 11. b3 Qc5 12. O-O Bd5 13. Bb2 e5 14. Qg4 cxb3 15. axb3 Qc2 16. Bc3 h5 17. Qa4 Bxb3 18. Qh4 g5 19. Nxg5 fxg5 20. Qxg5 Bh6 21. Qxh5+ Bf7 22. Qh4 Qg6 23. Qb4 b6 24. d4 Bf8 25. Qa4 e4 26. d5 Nc5 27. Qc2 Rg8 28. dxc6 Qxc6 29. Bd4 Bd5 30. Be3 a5 31. Rab1 a4 32. Qb2 Rg6 33. Rfd1 Bg7 34. Qa3 Nb3 35. h4 Bf8 36. Qb2 Bg7 37. Qa3 Bf8 38. Qb2 Qe6 39. Bxb6 a3 40. Qa2 Bc4 41. Qc2 a2 42. Qxe4 Rc8 43. Qxe6+ Bxe6 44. Rb2 a1=Q 45. Rxa1 Nxa1 46. Bf3 Bg4 47. Be4 Rd6 48. Be3 Bh6 0-1

[Event "Welper - Brackel II"]
[Site "?"]
[Date "2023.11.19"]
[Round "4.3"]
[White "Wuebker, Paul-Luca"]
[Black "Fuellgrabe, Thomas"]
[Result "1-0"]
[WhiteElo "2235"]
[BlackElo "2176"]
[PlyCount "49"]
[EventDate "2023.??.??"]

1. d4 Nf6 2. c4 e6 3. Nf3 d5 4. e3 Be7 5. b3 O-O 6. Bb2 c5 7. dxc5 dxc4 8. Nbd2 cxb3 9. axb3 Bxc5 10. Qc2 Be7 11. Ng5 g6 12. h4 Nc6 13. h5 e5 14. hxg6 hxg6 15. Bc4 Kg7 16. Ndf3 Bb4+ 17. Kf1 Rh8 18. Rxh8 Qxh8 19. Nxf7 Qh5 20. N7xe5 Bf5 21. Bd3 Bxd3+ 22. Qxd3 Rd8 23. Qc4 Nxe5 24. Bxe5 Be7 25. Qe6 1-0

[Event "Welper - Brackel II"]
[Site "?"]
[Date "2023.11.19"]
[Round "4.4"]
[White "Kemna, Guido"]
[Black "Kracht, Raphael"]
[Result "1/2-1/2"]
[WhiteElo "2141"]
[BlackElo "2144"]
[PlyCount "107"]
[EventDate "2023.??.??"]

1. c4 Nf6 2. Nf3 e6 3. g3 Be7 4. Bg2 O-O 5. O-O d5 6. b3 b6 7. Bb2 c5 8. cxd5 Nxd5 9. Nc3 Bb7 10. Nxd5 Bxd5 11. Rc1 Nd7 12. d4 Rc8 13. Qd2 cxd4 14. Bxd4 Ba3 15. Rxc8 Qxc8 16. Qg5 f6 17. Qd2 a5 18. Bh3 Qc6 19. Ba1 Nc5 20. Nd4 Qb7 21. Qe3 Ne4 22. Nxe6 Re8 23. Nf4 Bc6 24. Qd3 Qf7 25. Qc2 Bb7 26. Rd1 Ng5 27. Bg2 Bxg2 28. Kxg2 Bc5 29. Bd4 Bd6 30. Be3 Ne4 31. Qc6 Bxf4 32. Bxf4 Qe6 33. Qxe6+ Rxe6 34. Rc1 g5 35. Be3 Kf7 36. Rc7+ Kg6 37. Rb7 Nc5 38. Bxc5 bxc5 39. Rb5 a4 40. Rxc5 Rxe2 41. bxa4 Rxa2 42. Ra5 Ra3 43. h3 h5 44. Ra8 Kf5 45. a5 Ra4 46. a6 Ra3 47. a7 Ra1 48. Kf3 Ra3+ 49. Ke2 Ra2+ 50. Ke3 Ra3+ 51. Kd4 Ra4+ 52. Kc5 Ra2 53. Kb6 Rb2+ 54. Kc7 1/2-1/2

[Event "Welper - Brackel II"]
[Site "?"]
[Date "2023.11.19"]
[Round "4.5"]
[White "Stemmler, Fabian"]
[Black "Linde, Wolfgang"]
[Result "0-1"]
[WhiteElo "2148"]
[BlackElo "2029"]
[PlyCount "96"]
[EventDate "2023.??.??"]

1. e4 e5 2. Nf3 Nc6 3. Bc4 Nf6 4. Ng5 d5 5. exd5 Na5 6. Bb5+ c6 7. dxc6 bxc6 8. Be2 Nd5 9. Nf3 Bd6 10. O-O O-O 11. Re1 f5 12. Nxe5 Qf6 13. Nf3 g5 14. c4 Nf4 15. Bf1 g4 16. d4 gxf3 17. Qxf3 Ne6 18. Qc3 Nxd4 19. c5 Be5 20. Rxe5 Qxe5 21. Be3 Nf3+ 22. gxf3 Qxc3 23. Nxc3 Be6 24. b3 f4 25. Bd2 Nb7 26. Ne4 Rf5 27. Re1 Bd5 28. Bh3 Bxe4 29. fxe4 Rg5+ 30. Kf1 Nxc5 31. Bxf4 Rh5 32. Bg4 Rh4 33. Bd6 Rxg4 34. Bxc5 Kf7 35. f3 Rh4 36. Bd6 Rd8 37. Bg3 Rh5 38. Rc1 Rd2 39. Rxc6 Rxa2 40. Rc7+ Ke6 41. f4 Rb5 42. f5+ Kf6 43. Bh4+ Ke5 44. Re7+ Kf4 45. f6 Rxb3 46. f7 Rb1+ 47. Be1 Ke3 48. Rxa7 Rf2+ 0-1

[Event "Welper - Brackel II"]
[Site "?"]
[Date "2023.11.19"]
[Round "4.6"]
[White "Schaller, Torsten"]
[Black "Kartsev, Nikolay"]
[Result "1-0"]
[WhiteElo "1991"]
[BlackElo "2074"]
[PlyCount "69"]
[EventDate "2023.??.??"]

1. e4 c5 2. Nf3 d6 3. d4 cxd4 4. Nxd4 Nf6 5. Nc3 Nc6 6. Bg5 e6 7. Qd2 a6 8. O-O-O h6 9. Be3 Bd7 10. f3 b5 11. Nxc6 Bxc6 12. Kb1 Be7 13. Qf2 Qc7 14. Bd3 Nd7 15. Bd4 e5 16. Be3 f5 17. Nd5 Bxd5 18. exd5 O-O 19. Rhg1 Rac8 20. c3 f4 21. Bc1 Qb7 22. g3 Bd8 23. gxf4 exf4 24. Qg2 Ne5 25. Bc2 b4 26. cxb4 Bf6 27. Qe2 Rc4 28. a3 a5 29. Bb3 Rc7 30. b5 a4 31. Bxa4 Nc4 32. Qd3 Rb8 33. Rde1 Qa7 34. Bc2 Rxb5 35. Re8+ 1-0

[Event "Welper - Brackel II"]
[Site "?"]
[Date "2023.11.19"]
[Round "4.7"]
[White "Gerlach, Felix"]
[Black "Hoettler, Alexander Walter"]
[Result "1-0"]
[WhiteElo "2101"]
[BlackElo "1883"]
[PlyCount "97"]
[EventDate "2023.??.??"]

1. c4 Nf6 2. g3 e6 3. Bg2 d5 4. Nf3 c5 5. cxd5 Nxd5 6. O-O Be7 7. d4 O-O 8. e4 Nf6 9. Nc3 cxd4 10. Nxd4 e5 11. Ndb5 Qxd1 12. Rxd1 Nc6 13. Nd5 a6 14. Nbc7 Rb8 15. Nxe7+ Nxe7 16. Be3 b6 17. Rd6 Bb7 18. Rxb6 Bxe4 19. Nxa6 Rxb6 20. Bxb6 Ned5 21. Bc5 Rc8 22. b4 Nc3 23. a4 Bc2 24. b5 Nxa4 25. b6 Nxb6 26. Bxb6 Bf5 27. Nc5 h5 28. Ra8 Rxa8 29. Bxa8 Kh7 30. Bc7 e4 31. Bd8 Kg6 32. Bxf6 Kxf6 33. Bxe4 Bc8 34. Bc6 Bf5 35. f4 Ke7 36. Be4 Bc8 37. Kf2 Kd6 38. Nd3 Bd7 39. Ne5 Be6 40. Nf3 Ke7 41. Ke3 Kf6 42. Kd4 Ke7 43. Ne5 Bc8 44. Bd5 f6 45. Ng6+ Kd6 46. Bf3 h4 47. Nxh4 g5 48. Ng2 Ba6 49. h4 1-0

[Event "Welper - Brackel II"]
[Site "?"]
[Date "2023.11.19"]
[Round "4.8"]
[White "Conrad, Joachim"]
[Black "Seref, Erdogan"]
[Result "1-0"]
[WhiteElo "1972"]
[BlackElo "1952"]
[PlyCount "63"]
[EventDate "2023.??.??"]

1. d4 d5 2. Nf3 Nf6 3. e3 c5 4. dxc5 Nc6 5. c3 e5 6. Bb5 Qc7 7. b4 a6 8. Ba4 Bg4 9. h3 Be6 10. Bb2 e4 11. Nd4 Be7 12. Nd2 O-O 13. Bxc6 bxc6 14. O-O Nd7 15. f4 exf3 16. N2xf3 Nf6 17. Nxe6 fxe6 18. c4 Ne4 19. Be5 Qd7 20. Qd4 Bf6 21. Rad1 Bxe5 22. Qxe5 Rf5 23. Qxe4 dxe4 24. Rxd7 exf3 25. Rxf3 Rb8 26. Rxf5 exf5 27. a3 a5 28. b5 cxb5 29. cxb5 Rxb5 30. c6 Rc5 31. c7 h6 32. Rd8+ 1-0

[Event "Solingen 3 - Letmathe"]
[Site "?"]
[Date "2023.11.19"]
[Round "4.1"]
[White "Haub, Thorsten Michael"]
[Black "Berg, Michael"]
[Result "1-0"]
[WhiteElo "2369"]
[BlackElo "2286"]
[PlyCount "77"]
[EventDate "2023.??.??"]

1. g3 e5 2. Bg2 d5 3. d3 Nf6 4. Nd2 Nc6 5. a3 Bc5 6. e3 a5 7. b3 O-O 8. Ne2 Be6 9. h3 Qd7 10. Nf3 h6 11. Bb2 d4 12. e4 Nh7 13. g4 Rfe8 14. Ng3 Be7 15. Nf5 Bg5 16. Nxg5 hxg5 17. h4 Qd8 18. Bc1 Ne7 19. Qf3 Ng6 20. hxg5 Nxg5 21. Qg3 f6 22. Nh4 Nxh4 23. Qxh4 Kf8 24. f4 exf4 25. Bxf4 Nf7 26. Qg3 Rc8 27. O-O Kg8 28. a4 b6 29. Rf2 Qd7 30. Raf1 Bxg4 31. Bf3 Bxf3 32. Rxf3 Re7 33. R3f2 Qe6 34. Rg2 Ne5 35. Bxe5 Qxe5 36. Qg6 Rf8 37. Rf5 Qe6 38. Rh5 Rfe8 39. Rgh2 1-0

[Event "Solingen 3 - Letmathe"]
[Site "?"]
[Date "2023.11.19"]
[Round "4.2"]
[White "Zolfagharian, Kevin"]
[Black "Schleining, Zoya"]
[Result "1/2-1/2"]
[WhiteElo "2234"]
[BlackElo "2339"]
[PlyCount "67"]
[EventDate "2023.??.??"]

1. Nf3 d5 2. g3 Nd7 3. d4 Nb6 4. Bg2 Nf6 5. O-O Bf5 6. Nh4 e6 7. Nxf5 exf5 8. Qd3 g6 9. b3 c6 10. c4 Be7 11. Bh6 Ng4 12. Bf4 O-O 13. Nc3 Nf6 14. f3 c5 15. cxd5 Nbxd5 16. Bh6 Re8 17. Rfd1 Nxc3 18. Qxc3 Nd5 19. Qc4 cxd4 20. Rac1 Bf6 21. e4 Nb6 22. Qc7 fxe4 23. fxe4 Re7 24. Qxd8+ Rxd8 25. Rf1 Be5 26. Bg5 f6 27. Rxf6 Bxf6 28. Bxf6 Rc8 29. Rxc8+ Nxc8 30. Bxe7 Nxe7 31. e5 h6 32. Kf2 Kf7 33. Kf3 Nc6 34. Ke4 1/2-1/2

[Event "Solingen 3 - Letmathe"]
[Site "?"]
[Date "2023.11.19"]
[Round "4.3"]
[White "Mollema, Thomas"]
[Black "Wickenfeld, Stefan"]
[Result "1-0"]
[WhiteElo "2249"]
[BlackElo "2225"]
[PlyCount "107"]
[EventDate "2023.??.??"]

1. Nf3 d5 2. e3 g6 3. c4 Nf6 4. b3 Bg7 5. Bb2 O-O 6. cxd5 Nxd5 7. Bxg7 Kxg7 8. Qc2 Nc6 9. a3 Qd6 10. Nc3 Nxc3 11. Qxc3+ Qf6 12. Rc1 Rd8 13. b4 Bg4 14. Qxf6+ Kxf6 15. d4 Rac8 16. Nd2 Nb8 17. Ne4+ Kg7 18. Nc5 b6 19. Na6 c5 20. Nxb8 Rxb8 21. f3 Be6 22. dxc5 bxc5 23. Rxc5 Bb3 24. Be2 a5 25. Rxa5 Rbc8 26. Rc5 Ra8 27. O-O Rxa3 28. Rb1 Rd2 29. Ra5 Rxa5 30. bxa5 Rxe2 31. Rxb3 Ra2 32. Rb7 Kf6 33. Rb6+ e6 34. a6 Re2 35. a7 Ra2 36. Rb7 h5 37. f4 Kf5 38. Rxf7+ Ke4 39. Re7 Kxe3 40. Rxe6+ Kxf4 41. Re7 h4 42. Kf1 h3 43. gxh3 g5 44. Ke1 Kf3 45. Kd1 Ra1+ 46. Kc2 Kg2 47. Kb3 Kxh3 48. Kb2 Ra6 49. Re3+ Kxh2 50. Ra3 Rb6+ 51. Ka2 g4 52. a8=Q g3 53. Qh8+ Kg2 54. Qe5 1-0

[Event "Solingen 3 - Letmathe"]
[Site "?"]
[Date "2023.11.19"]
[Round "4.5"]
[White "Gruermann, Martin"]
[Black "Michalczak, Thomas"]
[Result "0-1"]
[WhiteElo "2222"]
[BlackElo "2169"]
[PlyCount "36"]
[EventDate "2023.??.??"]

1. e4 e5 2. Nf3 Nc6 3. Bb5 a6 4. Ba4 Nf6 5. O-O Be7 6. Re1 b5 7. Bb3 O-O 8. Nc3 d6 9. a4 Bg4 10. Bd5 Nxd5 11. Nxd5 f5 12. h3 fxe4 13. hxg4 exf3 14. gxf3 Nd4 15. Nxe7+ Qxe7 16. Re3 Qh4 17. c3 Nxf3+ 18. Kf1 Nd4 0-1

[Event "Solingen 3 - Letmathe"]
[Site "?"]
[Date "2023.11.19"]
[Round "4.6"]
[White "Kniest, Oliver"]
[Black "Pfleger, Sascha"]
[Result "1-0"]
[WhiteElo "2258"]
[BlackElo "2043"]
[PlyCount "81"]
[EventDate "2023.??.??"]

1. d4 c5 2. d5 e5 3. c4 d6 4. Nc3 Be7 5. Nf3 Nd7 6. e4 Nf8 7. h3 Ng6 8. g3 Bd7 9. Be3 Nf6 10. Qd2 Qc8 11. Ng1 a6 12. a4 b6 13. f3 O-O 14. h4 Nh5 15. Nge2 f5 16. exf5 Rxf5 17. Bg2 Rf7 18. Ne4 Qe8 19. N2c3 Qf8 20. O-O Nxg3 21. Nxg3 Nxh4 22. f4 Nxg2 23. Kxg2 exf4 24. Rxf4 Rxf4 25. Bxf4 b5 26. axb5 axb5 27. Rxa8 Qxa8 28. Nxb5 Qa4 29. Qe2 Bf6 30. Nxd6 Qb3 31. Nde4 Bd4 32. Nc3 Bxc3 33. bxc3 Qxc3 34. Be5 Qb3 35. Ba1 h5 36. Qb2 Qxb2+ 37. Bxb2 Bg4 38. Ba3 Bd1 39. Ne4 g5 40. Bxc5 Bb3 41. d6 1-0

[Event "Solingen 3 - Letmathe"]
[Site "?"]
[Date "2023.11.19"]
[Round "4.7"]
[White "Heeke, Guido"]
[Black "Asadzade, Idris"]
[Result "0-1"]
[WhiteElo "1866"]
[BlackElo "2209"]
[PlyCount "46"]
[EventDate "2023.??.??"]

1. c4 e6 2. Nf3 d5 3. d4 Nf6 4. Nc3 dxc4 5. Qa4+ Nbd7 6. Qxc4 c5 7. e3 Be7 8. Be2 a6 9. Qa4 Rb8 10. O-O b5 11. Qd1 Bb7 12. b3 O-O 13. Bb2 Qb6 14. a3 Rfd8 15. Rb1 cxd4 16. Nxd4 Nc5 17. b4 e5 18. bxc5 Bxc5 19. Qb3 exd4 20. exd4 Rxd4 21. Bc1 Ng4 22. Nd1 Qg6 23. h3 Nxf2 0-1

[Event "Bielefeld - Dinslaken"]
[Site "?"]
[Date "2024.01.28"]
[Round "5.1"]
[White "Sonnenschein, Philipp"]
[Black "Forchert, Martin"]
[Result "1/2-1/2"]
[WhiteElo "2182"]
[BlackElo "2312"]
[PlyCount "161"]
[EventDate "2024.??.??"]

1. e4 d5 2. exd5 Qxd5 3. Nc3 Qd6 4. d4 Nf6 5. Nf3 c6 6. Ne5 Nbd7 7. f4 g6 8. Bc4 e6 9. O-O Bg7 10. a4 O-O 11. b3 Re8 12. Ba3 Qc7 13. Qf3 Nb6 14. Be2 Nbd5 15. Nd1 a5 16. Nf2 Rd8 17. Rac1 Bd7 18. Rfd1 Be8 19. c3 Rac8 20. Nfd3 b6 21. g4 Nd7 22. Nxd7 Bxd7 23. Ne5 Be8 24. c4 Nb4 25. Bxb4 axb4 26. c5 bxc5 27. Rxc5 Bf8 28. Rc4 Qb6 29. Qf2 f6 30. Nd3 Bf7 31. Nc5 Kg7 32. g5 f5 33. Qe3 Kg8 34. Rcc1 Rd6 35. a5 Qa7 36. Qd2 Qxa5 37. Nb7 Qc7 38. Nxd6 Bxd6 39. Rf1 Rd8 40. Qe3 Bf8 41. Rc4 e5 42. dxe5 Bxc4 43. Bxc4+ Kh8 44. Ra1 Qd7 45. Kg2 h6 46. h4 Qd2+ 47. Qxd2 Rxd2+ 48. Kf3 hxg5 49. hxg5 Rd7 50. Ra8 Kg7 51. Rc8 c5 52. Ke3 Be7 53. Rg8+ Kh7 54. Ra8 Kg7 55. Re8 Bf8 56. Ra8 Be7 57. Ra6 Rd4 58. Re6 Rd7 59. Bb5 Rc7 60. Be8 c4 61. bxc4 b3 62. Bxg6 Bc5+ 63. Kd2 Bb4+ 64. Ke2 Rxc4 65. Bxf5 Rxf4 66. Bd3 Rg4 67. g6 b2 68. Rb6 Ba3 69. Rb7+ Kf8 70. Kf3 Rb4 71. Rxb4 Bxb4 72. Ke4 Bd2 73. Kf5 Bh6 74. Ke6 Ke8 75. Kd6 Bf8+ 76. Ke6 Bg7 77. Bb1 Kd8 78. Ba2 Ke8 79. Kd6 Bf8+ 80. Kd5 Ke7 81. Ke4 1/2-1/2

[Event "Bielefeld - Dinslaken"]
[Site "?"]
[Date "2024.01.28"]
[Round "5.2"]
[White "Simon, Hans Christian"]
[Black "Sielecki, Christof"]
[Result "1/2-1/2"]
[WhiteElo "2153"]
[BlackElo "2410"]
[PlyCount "74"]
[EventDate "2024.??.??"]

1. d4 Nf6 2. Nf3 g6 3. g3 Bg7 4. Bg2 O-O 5. O-O d6 6. c4 c6 7. Nc3 Bf5 8. Ne1 e5 9. d5 cxd5 10. cxd5 a5 11. e4 Bd7 12. Nd3 Na6 13. Qb3 Rb8 14. a4 h5 15. Bg5 b6 16. f4 Nc5 17. Qc2 Qe8 18. f5 Nh7 19. Be3 Qe7 20. Nf2 h4 21. g4 Bf6 22. Nh3 Ng5 23. Nf2 Kg7 24. Ra3 Rh8 25. h3 Nh7 26. Nd3 Bg5 27. Bf2 Nf6 28. Re1 Rhc8 29. Qe2 Qe8 30. Rea1 Qh8 31. Ne1 Bf4 32. Nd3 Bg5 33. Ne1 Qh6 34. Nf3 Nh7 35. Nxg5 Nxg5 36. Be3 f6 37. Kh2 gxf5 1/2-1/2

[Event "Bielefeld - Dinslaken"]
[Site "?"]
[Date "2024.01.28"]
[Round "5.3"]
[White "Welzel, Philipp"]
[Black "Goessling, Guido"]
[Result "1-0"]
[WhiteElo "2197"]
[BlackElo "2183"]
[PlyCount "95"]
[EventDate "2024.??.??"]

1. d4 d5 2. Nf3 Nf6 3. g3 c5 4. Bg2 cxd4 5. O-O h6 6. b3 g6 7. Bb2 Bg7 8. Bxd4 Nc6 9. Bb2 O-O 10. Nbd2 Re8 11. Ne5 Nxe5 12. Bxe5 Ng4 13. Bxg7 Kxg7 14. c4 Be6 15. cxd5 Bxd5 16. Ne4 Bc6 17. Qc2 Rc8 18. Qb2+ Nf6 19. Rfd1 Qa5 20. Nxf6 exf6 21. Rd6 Qe5 22. Qxe5 fxe5 23. Bxc6 Rxc6 24. Rxc6 bxc6 25. Rc1 Rc8 26. Rc5 Kf6 27. Kg2 Ke6 28. Kf3 Kd6 29. Ra5 Rc7 30. b4 f5 31. e4 Rf7 32. exf5 gxf5 33. a3 h5 34. Kg2 h4 35. gxh4 Rg7+ 36. Kh3 Ke6 37. Rc5 e4 38. Rxc6+ Ke5 39. h5 f4 40. h6 Rg8 41. Rc7 e3 42. fxe3 fxe3 43. Re7+ Kd4 44. h7 Rh8 45. Kg4 Kd3 46. Kg5 e2 47. Kg6 e1=Q 48. Rxe1 1-0

[Event "Bielefeld - Dinslaken"]
[Site "?"]
[Date "2024.01.28"]
[Round "5.4"]
[White "Forchert, Niko"]
[Black "Brockhaus, Philip"]
[Result "0-1"]
[WhiteElo "2146"]
[BlackElo "1982"]
[PlyCount "64"]
[EventDate "2024.??.??"]

1. d4 d5 2. Nf3 Nf6 3. Bg5 h6 4. Bxf6 exf6 5. g3 Bd6 6. Bg2 O-O 7. O-O Re8 8. Nbd2 c6 9. c4 dxc4 10. Nxc4 Bc7 11. Qc2 Be6 12. Rfd1 Nd7 13. Nh4 f5 14. Nxf5 Bxf5 15. Qxf5 Rxe2 16. d5 Qf6 17. Qxf6 Nxf6 18. dxc6 b5 19. Bf1 Rc2 20. Rd2 Rxc4 21. Bxc4 bxc4 22. Rc1 c3 23. Rxc3 Ne4 24. Rd7 Nxc3 25. Rxc7 Nxa2 26. Rb7 Rc8 27. c7 Kh7 28. Rxa7 Nb4 29. Rb7 Nd5 30. Rb5 Nf6 31. Rc5 Ne8 32. Re5 Kg8 0-1

[Event "Bielefeld - Dinslaken"]
[Site "?"]
[Date "2024.01.28"]
[Round "5.5"]
[White "Riekenbrauk, Joerg"]
[Black "Koehler, Justus"]
[Result "0-1"]
[WhiteElo "1879"]
[BlackElo "2043"]
[PlyCount "108"]
[EventDate "2024.??.??"]

1. e4 c5 2. Nf3 e6 3. c3 Nf6 4. e5 Nd5 5. g3 Nc6 6. Bg2 d6 7. exd6 Bxd6 8. O-O O-O 9. d4 Nf6 10. Bg5 h6 11. dxc5 Bxc5 12. Qxd8 Rxd8 13. Bxf6 gxf6 14. Nbd2 e5 15. b4 Be7 16. Nb3 Rd3 17. b5 Nd8 18. Rac1 Be6 19. Ne1 Rd7 20. Nc2 Bc4 21. Rfd1 Bxb5 22. Rxd7 Bxd7 23. Ne3 Rc8 24. Rd1 Be6 25. Nd5 Kf8 26. f4 Bxd5 27. Rxd5 exf4 28. Rd3 fxg3 29. hxg3 Nc6 30. Rd7 b6 31. Nd4 Nxd4 32. cxd4 Rd8 33. Rxd8+ Bxd8 34. g4 Ke7 35. Bd5 b5 36. Bc6 b4 37. Kf2 f5 38. gxf5 Kf6 39. Be8 Bb6 40. Ke3 h5 41. Ke4 h4 42. d5 Bc7 43. d6 Bxd6 44. Kf3 h3 45. Ba4 Kxf5 46. Bd7+ Ke5 47. Bxh3 Kd4 48. Bd7 Kc3 49. Be8 f5 50. Bf7 a5 51. Be6 f4 52. Bf7 a4 53. Bg8 b3 54. axb3 axb3 0-1

[Event "Bielefeld - Dinslaken"]
[Site "?"]
[Date "2024.01.28"]
[Round "5.6"]
[White "Beilfuss, Wilfried"]
[Black "Raygrotzki, Norbert"]
[Result "1/2-1/2"]
[WhiteElo "2049"]
[BlackElo "1853"]
[PlyCount "44"]
[EventDate "2024.??.??"]

1. Nf3 d5 2. g3 Nf6 3. Bg2 e6 4. O-O Be7 5. d4 O-O 6. c4 dxc4 7. Ne5 Nc6 8. Nxc6 bxc6 9. e3 Rb8 10. Qc2 c5 11. dxc5 Bxc5 12. Rd1 Qe7 13. Qxc4 Bb7 14. Bxb7 Rxb7 15. Qc2 Bb6 16. Nc3 h5 17. Qe2 h4 18. b3 Rbb8 19. Bb2 Rfd8 20. Qf3 Rxd1+ 21. Rxd1 hxg3 22. hxg3 Rd8 1/2-1/2

[Event "Bielefeld - Dinslaken"]
[Site "?"]
[Date "2024.01.28"]
[Round "5.8"]
[White "Paneff, Florian"]
[Black "Hucht, Jan"]
[Result "1-0"]
[WhiteElo "2053"]
[BlackElo "1709"]
[PlyCount "101"]
[EventDate "2024.??.??"]

1. d4 Nf6 2. Nf3 d5 3. c4 e6 4. Nc3 Bb4 5. Qb3 Bxc3+ 6. Qxc3 O-O 7. Bg5 Nbd7 8. e3 c6 9. Bd3 h6 10. Bh4 Qe8 11. Bg3 Ne4 12. Bxe4 dxe4 13. Nd2 f5 14. O-O b6 15. b4 Bb7 16. a4 Rc8 17. a5 Nf6 18. axb6 axb6 19. Ra7 Rf7 20. Rfa1 Qd8 21. h3 Kh8 22. Be5 Rd7 23. Nf1 Kh7 24. Ng3 Qe7 25. Ne2 Rf8 26. Nf4 g5 27. Ne2 Bc8 28. Ra8 Rdd8 29. R1a7 Rd7 30. Qa3 Kg6 31. Nc3 Bb7 32. Rxf8 Qxf8 33. Qa4 Qe8 34. Ne2 Kf7 35. Nc1 Kg6 36. Nb3 Kf7 37. Qa1 Qd8 38. Kh2 Kg6 39. Qa4 Qc8 40. b5 h5 41. Qb4 Ba8 42. Rxd7 Qxd7 43. Bxf6 Kxf6 44. Qf8+ Kg6 45. Qxa8 cxb5 46. Qg8+ Kf6 47. Qf8+ Kg6 48. c5 bxc5 49. Nxc5 Qc6 50. Qe7 b4 51. Nxe6 1-0

[Event "Letmathe - Kölner SK 2"]
[Site "?"]
[Date "2024.01.28"]
[Round "5.1"]
[White "Paris, Michael"]
[Black "Haub, Thorsten Michael"]
[Result "0-1"]
[WhiteElo "2143"]
[BlackElo "2359"]
[PlyCount "42"]
[EventDate "2024.??.??"]

1. e4 g6 2. d4 Bg7 3. Nc3 d6 4. Be3 c6 5. Bd3 Nd7 6. f4 e5 7. Nf3 Ngf6 8. Qd2 O-O 9. h3 exd4 10. Nxd4 Nc5 11. Nb3 Nxd3+ 12. Qxd3 Re8 13. O-O-O Nxe4 14. Nxe4 Bf5 15. Qxd6 Bxe4 16. Qc5 Qf6 17. c3 b6 18. Qd4 Qe6 19. Qd2 a5 20. Qd7 Qxd7 21. Rxd7 Bf5 0-1

[Event "Letmathe - Kölner SK 2"]
[Site "?"]
[Date "2024.01.28"]
[Round "5.2"]
[White "Bosch, Jeroen"]
[Black "Pawelzik, Malte"]
[Result "1-0"]
[WhiteElo "2411"]
[BlackElo "2139"]
[PlyCount "99"]
[EventDate "2024.??.??"]

1. d4 Nf6 2. c4 g6 3. Nc3 d5 4. cxd5 Nxd5 5. e4 Nxc3 6. bxc3 Bg7 7. Nf3 c5 8. h3 O-O 9. Be2 Nc6 10. Be3 cxd4 11. cxd4 Qa5+ 12. Bd2 Qa3 13. d5 Nd4 14. Nxd4 Bxd4 15. Rb1 f5 16. O-O Qd6 17. Bb4 Qe5 18. Bxe7 Rf7 19. d6 Be6 20. exf5 gxf5 21. Bf3 Qf4 22. Qc1 Qxc1 23. Rfxc1 Bb6 24. a4 Rb8 25. Re1 Ba2 26. Rb2 Bc4 27. Rc1 Be6 28. Re2 Bb3 29. Rc3 Bd1 30. Bd5 Bxe2 31. Rg3+ Bg4 32. hxg4 f4 33. Rf3 Kg7 34. Bxf7 Kxf7 35. Rxf4+ Ke6 36. Rf6+ Kd7 37. Rh6 Rg8 38. g5 Rg7 39. Kf1 Rf7 40. f3 Bc5 41. Ke2 a6 42. Kd3 b5 43. axb5 axb5 44. Ke4 Ba3 45. f4 b4 46. Rh3 Bc1 47. f5 Rg7 48. f6 Rxg5 49. f7 Rg4+ 50. Kd5 1-0